Límites del reformismo penal y la falacia del castigo emancipador: una crítica marxista-abolicionista

Este artículo examina, desde la criminología crítica de raíz marxista, los límites intrínsecos del reformismo penal y la pretensión de que el castigo pueda funcionar como herramienta de transformación social. A partir de un diagnóstico histórico-estructural, se muestra que el sistema penal –como eng...

Full description

Saved in:  
Bibliographic Details
Main Author: Sepúlveda Rubio, Francisco Javier (Author)
Format: Electronic Article
Language:Spanish
Published: 2025
In: Boletín criminológico
Year: 2025, Volume: 32, Pages: 1-24
Online Access: Volltext (kostenfrei)
Volltext (kostenfrei)
Check availability: HBZ Gateway
Keywords:

MARC

LEADER 00000caa a22000002c 4500
001 1947460765
003 DE-627
005 20260112152237.0
007 cr uuu---uuuuu
008 251221s2025 xx |||||o 00| ||spa c
024 7 |a 10.24310/bc.32.2025.22351  |2 doi 
035 |a (DE-627)1947460765 
035 |a (DE-599)KXP1947460765 
040 |a DE-627  |b ger  |c DE-627  |e rda 
041 |a spa 
084 |a 2,1  |2 ssgn 
100 1 |a Sepúlveda Rubio, Francisco Javier  |e VerfasserIn  |0 (orcid)0000-0001-6217-9112  |4 aut 
245 1 0 |a Límites del reformismo penal y la falacia del castigo emancipador: una crítica marxista-abolicionista 
264 1 |c 2025 
336 |a Text  |b txt  |2 rdacontent 
337 |a Computermedien  |b c  |2 rdamedia 
338 |a Online-Ressource  |b cr  |2 rdacarrier 
520 |a Este artículo examina, desde la criminología crítica de raíz marxista, los límites intrínsecos del reformismo penal y la pretensión de que el castigo pueda funcionar como herramienta de transformación social. A partir de un diagnóstico histórico-estructural, se muestra que el sistema penal –como engranaje del aparato estatal– opera esencialmente como tecnología de dominación y de ordenación de la fuerza de trabajo bajo el capitalismo. Ello explica la persistencia del punitivismo pese a sucesivas oleadas de supuesta “humanización”. Tras ese marco teórico, se analiza la reciente deriva de ciertos progresismos punitivos (en particular en los ámbitos del feminismo y el animalismo) tomando como referencia el caso español. Se proponen criterios para evitar la ampliación de la red de control social y la cooptación institucional de dichas agendas. En lugar de reforzar las lógicas del castigo, se plantean orientaciones abolicionistas que desplazan los conflictos y los daños hacia life-affirming institutions  –vivienda, salud, educación, cuidados– y hacia marcos restaurativos o transformativos, todo ello acompañado de reglas rigurosas de evaluación pública. La tesis de fondo sostiene que la verdadera transformación de la política criminal requiere cambios materiales y políticos de mayor calado, inseparables de un proyecto emancipador más amplio. 
520 |a This article examines the inherent limits of penal reformism and the assumption that punishment can serve as a tool for social transformation, adopting a Marxist-informed critical criminology perspective. Through a historical-structural analysis, it demonstrates that the penal system—an integral part of the state apparatus—functions as a technology of domination and as a mechanism to regulate the labor force under capitalism. This insight explains the persistence of punitive tendencies despite successive “humanizing” reforms. After establishing the theoretical framework, the article analyzes the recent drift toward certain punitive progressive agendas (notably in feminist, anti-racist, and animal rights movements), with examples drawn from Spain. It proposes criteria to prevent the widening of the social control net and the institutional cooptation of these movements. Instead of reinforcing punitive logics, the article advances abolitionist orientations that redirect conflicts and harms toward life-affirming institutions – housing, healthcare, education, social care – and toward restorative/transformative frameworks, coupled with strict public accountability measures. The underlying thesis is that genuine penal transformation requires far-reaching material and political changes, inseparable from a broader emancipatory project. 
650 4 |a abolicionismo 
650 4 |a reforma penal 
650 4 |a rigorismo 
650 4 |a Marxismo 
773 0 8 |i Enthalten in  |t Boletín criminológico  |d Málaga : [Verlag nicht ermittelbar], 1994  |g 32(2025), Artikel-ID 254, Seite 1-24  |h Online-Ressource  |w (DE-627)537445633  |w (DE-600)2376729-7  |w (DE-576)281344183  |x 2254-2043  |7 nnas 
773 1 8 |g volume:32  |g year:2025  |g elocationid:254  |g pages:1-24 
856 4 0 |u https://doi.org/10.24310/bc.32.2025.22351  |x Resolving-System  |z kostenfrei  |3 Volltext  |7 0 
856 4 0 |u https://revistas.uma.es/index.php/boletin-criminologico/article/view/22351  |x Verlag  |z kostenfrei  |3 Volltext  |7 0 
935 |a mkri 
951 |a AR 
ELC |a 1 
LOK |0 000 xxxxxcx a22 zn 4500 
LOK |0 001 4832232495 
LOK |0 003 DE-627 
LOK |0 004 1947460765 
LOK |0 005 20260112152237 
LOK |0 008 251221||||||||||||||||ger||||||| 
LOK |0 035   |a (DE-2619)KrimDok#2025-12-20#0AEA60261C4524D9D56BD7B0098F398CF9ADBC25 
LOK |0 040   |a DE-2619  |c DE-627  |d DE-2619 
LOK |0 092   |o n 
LOK |0 852   |a DE-2619 
LOK |0 852 1  |9 00 
LOK |0 866   |x zotak: Ergänzt Seitenzahlen, da in zota-Einspielung nicht vorhanden 
LOK |0 935   |a zota 
LOK |0 939   |a 21-12-25  |b l01 
OAS |a 1 
ORI |a SA-MARC-krimdoka001.raw